Analýza sociálno-psychologických dopadov útlmových programov v ostravskom regióne

Guardado en:
Detalles Bibliográficos
Autor principal: Juríčková, Vilma
Formato: Libro
Lenguaje:eslovaco
Publicado: Bratislava Výskumný ústav práce a sociálnych vecí 1991
Edición:1. vyd.
Etiquetas: Agregar Etiqueta
Sin Etiquetas, Sea el primero en etiquetar este registro!

MARC

LEADER 00000nam a2200000 4500
001 c028228
005 20221214093124.9
041 0 |a slo 
044 |a SK 
245 1 0 |a Analýza sociálno-psychologických dopadov útlmových programov v ostravskom regióne  |c Vilma Juríčková a kol. 
250 |a 1. vyd. 
264 1 |a Bratislava  |b Výskumný ústav práce a sociálnych vecí  |c 1991 
300 |a 64 s. 
100 1 |a Juríčková, Vilma